Industrial Japan : Advertising and marketing in japan

Đã lưu trong:
Sonraí Bibleagrafaíochta
Formáid: Leabhar
Teanga:Undetermined
Foilsithe: Tokyo 1971
Ábhair:
Clibeanna: Cuir Clib Leis
Gan Chlibeanna, Bí ar an gcéad duine leis an taifead seo a chlibeáil!
Thư viện lưu trữ: Trung tâm Học liệu Trường Đại học Cần Thơ
LEADER 00420nam a2200157Ia 4500
001 CTU_99003
008 210402s9999 xx 000 0 und d
082 |a 658.8 
082 |b I.42/No.25 
245 0 |a Industrial Japan : 
245 0 |b Advertising and marketing in japan 
260 |a Tokyo 
260 |c 1971 
650 |a Industrial marketing 
904 |i Truc 
980 |a Trung tâm Học liệu Trường Đại học Cần Thơ